Statistics for San Antonio Spurs: Most Dunks Each Year

Click here to take the quiz!

General Stats

  • This quiz has been taken 35 times
    (16 since last reset)
  • The average score is 14 of 18

Answer Stats

Year Player Dunks % Correct
2017-2018LaMarcus Aldridge46
100%
2002-2003Tim Duncan111
100%
2001-2002David Robinson105
92%
2013-2014Kawi Leonard59
67%
2014-2015Kawhi Leonard49
67%
2006-2007Francisco Elson43
25%
2009-2010Richard Jefferson65
25%

Score Distribution

Percentile by Number Answered

Percent of People with Each Score

Your Score History

You have not taken this quiz since the last reset